[Event "Arco op 31st"]
[Site "Arco"]
[Date "2009.10.24"]
[Round "8"]
[White "Morselli, Stefano"]
[Black "Innocenti, Sandro"]
[Result "0-1"]
[WhiteElo "1921"]
[BlackElo "1701"]
[PlyCount "118"]
[EventDate "2009.10.17"]
[EventType "swiss"]
[EventRounds "9"]
[EventCountry "ITA"]
[SourceTitle "EXT 2010"]
[Source "ChessBase"]
[SourceDate "2010.11.25"]
[SourceVersion "1"]
[SourceVersionDate "2010.11.25"]
[SourceQuality "1"]

1. g3 d5 2. Bg2 Nf6 3. Nf3 c6 4. d3 Bg4 5. Nbd2 e6 6. 0-0 Bd6 7. h3 Bh5 8. Re1 0-0 9. e4 dxe4 10. dxe4 Bxf3 11. Bxf3 e5 12. Nc4 Bc7 13. Bd2 Qd4 14. b3 b5 15. c3 Qd7 16. Ne3 Rd8 17. Re2 Qxh3 18. Nf5 Ng4 19. Bxg4 Qxg4 20. Qf1 Bb6 21. Rd1 Kf8 22. Be3 Na6 23. Red2 Qxe4 24. Bxb6 Rxd2 25. Rxd2 Qxf5 26. Qd1 g6 27. Rd8+ Rxd8 28. Qxd8+ Kg7 29. Bxa7 Qb1+ 30. Kh2 Qxa2 31. Qd6 c5 32. Qxe5+ Kg8 33. Kg2 Qxb3 34. Bb6 Qe6 35. Qxe6 fxe6 36. Kf3 Kf7 37. Ke4 b4 38. cxb4 cxb4 39. Kd4 Ke7 40. Kc4 Kd7 41. Kb5 Nc7+ 42. Kc4 Nd5 43. Bd4 Kd6 44. f4 h5 45. Be5+ Kc6 46. Bd4 h4 47. gxh4 Nxf4 48. Kxb4 Kd5 49. Bf6 Ke4 50. Kc4 Kf5 51. Be7 e5 52. Kb3 Ke4 53. Kc2 Kf3 54. Kd2 e4 55. Bg5 e3+ 56. Kc2 Ng2 57. Kd3 e2 58. Bd2 e1Q 59. Bxe1 Nxe1+ 0-1

[Event "Arco op 31st"]
[Site "Arco"]
[Date "2009.10.21"]
[Round "6"]
[White "De Nisi, Roberta"]
[Black "Innocenti, Sandro"]
[Result "1-0"]
[WhiteElo "1903"]
[BlackElo "1701"]
[PlyCount "115"]
[EventDate "2009.10.17"]
[EventType "swiss"]
[EventRounds "9"]
[EventCountry "ITA"]
[SourceTitle "EXT 2010"]
[Source "ChessBase"]
[SourceDate "2010.11.25"]
[SourceVersion "1"]
[SourceVersionDate "2010.11.25"]
[SourceQuality "1"]

1. d4 d5 2. c4 e6 3. Nc3 Nf6 4. cxd5 exd5 5. Bg5 Be7 6. e3 c6 7. Bd3 Ne4 8. Bxe7 Qxe7 9. Nge2 0-0 10. Ng3 f5 11. Qb3 Kh8 12. Qc2 Nd7 13. Qe2 Ndf6 14. f3 Nd6 15. 0-0 Bd7 16. Rfe1 Rae8 17. Qc2 g6 18. Re2 Qg7 19. Rae1 Re7 20. Qa4 a6 21. Qb4 Nb5 22. a4 Nxc3 23. bxc3 Bc8 24. Qb1 Rfe8 25. Nf1 Qh6 26. c4 Qg7 27. c5 Nh5 28. Ng3 Nxg3 29. hxg3 Qf6 30. Kf2 Kg7 31. Qb2 h5 32. Kg1 Kh7 33. e4 fxe4 34. fxe4 dxe4 35. Rxe4 Rxe4 36. Rxe4 Rxe4 37. Bxe4 Qe7 38. Qc2 Qf6 39. Qc4 Qe6 40. d5 cxd5 41. Bxd5 Qe7 42. Kh2 Qc7 43. Bf3 Kh6 44. Qc1+ Kh7 45. Qg5 Bf5 46. Bxh5 gxh5 47. Qxf5+ Kh6 48. Qf4+ Qxf4 49. gxf4 Kg6 50. Kh3 Kf5 51. g3 Ke4 52. Kh4 Kd5 53. Kxh5 Kxc5 54. a5 b5 55. axb6 Kxb6 56. f5 Kc7 57. Kg6 Kd7 58. Kg7 1-0